Les Séléctionneurs de la Coupe du Monde de football - Statistiques

Statistiques générales
  • Ce quiz a été pris 68 fois
  • Le résultat moyen est 12 sur 32
Statistiques - réponses
Sélections Sélectionneurs Nationalité % Correct
France Didier Deschamps Français
97%
Espagne Luis Enrique Espagnol
88%
Arabie Saoudite Hervé Renard Français
86%
Angleterre Gareth Southgate Anglais
81%
Pays-Bas Luis van Gaal Néerlandais
80%
Allemagne Hans-Dieter Flick Allemand
78%
Belgique Roberto Martinez Espagnol
78%
Argentine Lionel Scaloni Argentin
77%
Brésil Tite Brésilien
77%
Portugal Fernando Santos Portugais
73%
Maroc Walid Regragui Marocain
64%
Sénégal Aliou Cissé Sénégalais
56%
Croatie Zlatko Dalić Croate
50%
Cameroun Rigobert Song Camerounais
38%
Iran Carlos Queiroz Portugais
22%
Qatar Félix Sánchez Espagnol
22%
Corée du Sud Paulo Bento Portugais
19%
Mexique Tata Martino Mexicain
19%
Suisse Murat Yakin Suisse
16%
Danemark Kasper Hjulmand Danois
13%
Japon Hajime Moriyasu Japonais
11%
Pologne Czesław Michniewicz Polonais
9%
Serbie Dragan Stojković Serbe
8%
Pays de Galles Robert Page Gallois
6%
Uruguay Diego Alonso Uruguayen
5%
États-Unis Gregg Berhalter Américain
5%
Tunisie Jalel Kadri Tunisien
5%
Ghana Otto Addo Ghanéen
5%
Australie Graham Arnold Australien
3%
Équateur Gustavo Alfaro Argentin
3%
Canada John Herdman Anglais
3%
Costa-Rica Luis Fernando Suárez Colombien
3%
Aucun quiz correspondant
Distribution des résultats
% des personnes avec chaque résultat
Percentile par nombre de réponses
Votre historique - résultats
Vous n’avez pas pris ce quiz